Reforma financiera en América Latina /
Guardado en:
| Otros Autores: | , |
|---|---|
| Formato: | Desconocido |
| Idioma: | Spanish |
| Publicado: |
Buenos Aires :
CLACSO,
2006
|
| Edición: | 1a. ed. |
| Series: | Edición y Distribución Cooperativa
|
| Materias: | |
| Etiquetas: |
Agregar Etiqueta
Sin Etiquetas, Sea el primero en etiquetar este registro!
|
| LEADER | 00607nac a22001935a 4500 | ||
|---|---|---|---|
| 001 | DER.der002113 | ||
| 008 | 180615s2006####|||||||||||||||||#||spa|| | ||
| 005 | 20251117094123.0 | ||
| 245 | 1 | 0 | |a Reforma financiera en América Latina / |c coordinado por Eugenia Correa y Alicia Girón. |
| 250 | |a 1a. ed. | ||
| 260 | |a Buenos Aires : |b CLACSO, |c 2006 | ||
| 300 | |a 333 p. | ||
| 440 | 0 | |a Edición y Distribución Cooperativa | |
| 500 | |a Inventario 5657-B | ||
| 020 | |a 9871183429 | ||
| 700 | 1 | |a Correa, Eugenia, |e coord. | |
| 700 | 1 | |a Girón, Alicia, |e coord. | |
| 650 | 7 | |a ECONOMIA | |
| 859 | |a DERECHO |b BIB. DERECHO |h 330 |i REF |p 004230 | ||
